[Event "4NCL/2001-02/D3/WR2-SWD2"]
[Site "Rd05-Birmingham"]
[Date "2002.01.19"]
[Round "5.6"]
[White "Cast, Jason"]
[Black "Van Kemenade, Rudy"]
[Result "1/2-1/2"]
[WhiteElo "1920"]
[BlackElo "2124"]
[PlyCount "135"]
[EventDate "2002.01.19"]
[EventType "team-match"]
[EventCountry "ENG"]
[SourceTitle "BritBase"]
[Source "John Saunders"]
[SourceDate "2024.10.24"]
[SourceVersion "1"]
[SourceVersionDate "2024.10.24"]
[SourceQuality "1"]
[WhiteTeam "South Wales Dragons 2"]
[BlackTeam "White Rose 2"]
[WhiteTeamCountry "WLS"]
[BlackTeamCountry "ENG"]

1. e4 e5 2. Nf3 Nf6 3. Nxe5 d6 4. Nf3 Nxe4 5. Qe2 Qe7 6. d3 Nf6 7. Nc3 Be6 8. Bg5 Nbd7 9. O-O-O h6 10. Bh4 g5 11. Bg3 Bg7 12. Re1 Nh5 13. Nd5 Qd8 14. h4 Nxg3 15. fxg3 c6 16. Nc3 Qa5 17. hxg5 O-O-O 18. d4 hxg5 19. Rxh8 Rxh8 20. Kb1 g4 21. Nd2 Bxd4 22. Nc4 Qb4 23. a3 Qxc4 24. Qxc4 Bxc4 25. Bxc4 Bxc3 26. bxc3 Ne5 27. Bb3 Kd7 28. Kc1 Rh2 29. Re2 Rh1+ 30. Kd2 Ra1 31. a4 a5 32. c4 b6 33. Rf2 Ke7 34. Ke3 Rd1 35. Rf4 Rg1 36. Kf2 Rh1 37. Ke3 Rh2 38. Kf2 Rh6 39. Ke3 Rf6 40. Rd4 Re6 41. Kd2 f5 42. Rf4 Rf6 43. Ke3 Nd7 44. c3 Re6+ 45. Kd2 Re5 46. Bc2 Kf6 47. Rd4 Ke6 48. Rf4 Nc5 49. Rf1 Nd7 50. Rb1 Rc5 51. Re1+ Ne5 52. Bd3 Kf6 53. Rb1 Nd7 54. Rh1 d5 55. cxd5 Rxd5 56. c4 Rd6 57. Rh6+ Ke5 58. Rxd6 Kxd6 59. Bxf5 Ne5 60. Kc3 Kc5 61. Be6 {(=)} b5 62. cxb5 cxb5 63. axb5 a4 64. b6 Kxb6 65. Kb4 a3 66. Kxa3 Kc5 67. Kb3 Kd4 68. Bxg4 1/2-1/2

[Event "4NCL/2001-02/D3/WR2-SWD2"]
[Site "Rd05-Birmingham"]
[Date "2002.01.19"]
[Round "5.7"]
[White "Shaw, Peter"]
[Black "Brown, Alan M"]
[Result "1-0"]
[WhiteElo "1960"]
[BlackElo "1912"]
[PlyCount "73"]
[EventDate "2002.01.19"]
[EventType "team-match"]
[EventCountry "ENG"]
[SourceTitle "BritBase"]
[Source "John Saunders"]
[SourceDate "2024.10.24"]
[SourceVersion "1"]
[SourceVersionDate "2024.10.24"]
[SourceQuality "1"]
[WhiteTeam "White Rose 2"]
[BlackTeam "South Wales Dragons 2"]
[WhiteTeamCountry "ENG"]
[BlackTeamCountry "WLS"]

1. e4 e6 2. d4 d5 3. Nd2 Nf6 4. Bd3 dxe4 5. Nxe4 Nbd7 6. Nf3 Be7 7. O-O b6 8. Qe2 Bb7 9. c4 O-O 10. Rd1 Nxe4 11. Bxe4 Qc8 12. Bc2 Re8 13. Ne5 Nxe5 14. dxe5 c5 15. Qg4 Qc6 16. f3 Rad8 17. Bh6 g6 18. Bg5 Qc7 19. Qh4 Bxg5 20. Qxg5 Rd4 21. Rxd4 cxd4 22. Bd3 Rd8 23. h4 Rd7 24. h5 Qd8 25. Qg3 Qf8 26. Qf4 gxh5 27. Qg5+ Qg7 28. Qxh5 Rc7 29. Kf2 Rc5 30. Re1 Ba6 31. Re4 Kf8 32. b4 f5 33. exf6 Rxh5 34. fxg7+ Kxg7 35. Rxe6 Kf7 36. Rd6 Rh4 37. Rd7+ 1-0

[Event "4NCL/2001-02/D3/WR2-SWD2"]
[Site "Rd05-Birmingham"]
[Date "2002.01.19"]
[Round "5.8"]
[White "Wilson, Julie C"]
[Black "Van Kemenade, Julie"]
[Result "1/2-1/2"]
[WhiteElo "1648"]
[BlackElo "1592"]
[PlyCount "95"]
[EventDate "2002.01.19"]
[EventType "team-match"]
[EventCountry "ENG"]
[SourceTitle "BritBase"]
[Source "John Saunders"]
[SourceDate "2024.10.24"]
[SourceVersion "1"]
[SourceVersionDate "2024.10.24"]
[SourceQuality "1"]
[WhiteTeam "South Wales Dragons 2"]
[BlackTeam "White Rose 2"]
[WhiteTeamCountry "WLS"]
[BlackTeamCountry "ENG"]

1. d4 g6 2. c4 Bg7 3. Nc3 d6 4. e4 Nd7 5. Nge2 e5 6. d5 Ngf6 7. Ng3 O-O 8. Be2 Ne8 9. O-O f5 10. exf5 gxf5 11. Nh5 Ndf6 12. Nxg7 Nxg7 13. Bg5 Qe8 14. Nb5 Qd7 15. Qd3 Ne4 16. Bh4 a6 17. Nc3 Nf6 18. f4 e4 19. Qd4 Nge8 20. Rae1 Qg7 21. Bd1 Rf7 22. Qe3 Qg6 23. Qh3 Rg7 24. Bg5 b5 25. b3 bxc4 26. bxc4 Rb8 27. Bh6 Re7 28. Re3 Kh8 29. Rg3 Qf7 30. Bb3 Ng4 31. Bg5 Nef6 32. Qh4 Re8 33. h3 Nh5 34. hxg4 Nxg3 35. Bf6+ Kg8 36. Re1 fxg4 37. Re3 Nf5 38. Qxg4+ Qg6 39. Qxg6+ hxg6 40. Rh3 Kf7 41. Bg5 e3 42. Ba4 Rg8 43. g4 Nd4 44. Rxe3 Bxg4 45. Re7+ Kf8 46. Bf6 Nf5 47. Rxc7 Rb2 48. Ra7 1/2-1/2

[Event "4NCL/2001-02/D3/AFC -NK"]
[Site "Rd06-Birmingham"]
[Date "2002.01.20"]
[Round "6.1"]
[White "Toothill, John"]
[Black "Walsh, Chris"]
[Result "0-1"]
[WhiteElo "2192"]
[BlackElo "2202"]
[PlyCount "72"]
[EventDate "2002.01.20"]
[EventCountry "ENG"]
[SourceTitle "BritBase"]
[Source "John Saunders"]
[SourceDate "2024.10.24"]
[SourceVersion "1"]
[SourceVersionDate "2024.10.24"]
[SourceQuality "1"]
[WhiteTeam "All Four Corners"]
[BlackTeam "Nidum Knights"]
[WhiteTeamCountry "ENG"]
[BlackTeamCountry "WLS"]

1. c4 e6 2. g3 d5 3. Bg2 Nf6 4. Nf3 Be7 5. b3 O-O 6. O-O c5 7. Bb2 Nc6 8. d3 d4 9. e4 e5 10. Nbd2 Bd7 11. Qe2 Qc8 12. Nh4 Ne8 13. Nf5 Bxf5 14. exf5 Qxf5 15. f4 Bd6 16. Be4 Qd7 17. Bxc6 Qxc6 18. fxe5 Be7 19. Ne4 Qe6 20. Qh5 g6 21. Qh6 Qxe5 22. Rae1 Qg7 23. Qf4 h6 24. Qf3 Rc8 25. Nf2 Bg5 26. Qxb7 Nf6 27. Qxa7 h5 28. Re5 Qh6 29. Kg2 Ng4 30. Nxg4 hxg4 31. Kh1 Be3 32. Qb7 Ra8 33. Re7 Qh3 34. Qg2 Qxg2+ 35. Kxg2 Rxa2 36. Rb1 Rb8 0-1

[Event "4NCL/2001-02/D3/AFC -NK"]
[Site "Rd06-Birmingham"]
[Date "2002.01.20"]
[Round "6.2"]
[White "Morris, Gareth D"]
[Black "Savory, Richard J"]
[Result "1/2-1/2"]
[WhiteElo "2175"]
[BlackElo "2115"]
[PlyCount "119"]
[EventDate "2002.01.20"]
[EventCountry "ENG"]
[SourceTitle "BritBase"]
[Source "John Saunders"]
[SourceDate "2024.10.24"]
[SourceVersion "1"]
[SourceVersionDate "2024.10.24"]
[SourceQuality "1"]
[WhiteTeam "Nidum Knights"]
[BlackTeam "All Four Corners"]
[WhiteTeamCountry "WLS"]
[BlackTeamCountry "ENG"]

1. d4 d5 2. c4 e6 3. Nc3 c6 4. Nf3 Nf6 5. e3 Nbd7 6. Qc2 Bd6 7. h3 Qe7 8. a3 O-O 9. b3 a6 10. Bb2 dxc4 11. Bxc4 e5 12. Ne4 Nxe4 13. Qxe4 Nf6 14. Qh4 e4 15. Ne5 b5 16. Be2 Bb7 17. Ng4 Nd5 18. Qxe7 Bxe7 19. Ne5 Rfd8 20. Bg4 Nf6 21. Rc1 Nxg4 22. Nxg4 f6 23. f3 Rac8 24. b4 a5 25. Bc3 axb4 26. Bxb4 c5 27. dxc5 exf3 28. gxf3 Bxf3 29. O-O Be2 30. Rfe1 Bc4 31. a4 Bxc5 32. Bxc5 Rxc5 33. axb5 h5 34. Nf2 Rg5+ 35. Kh1 Bxb5 36. h4 Re5 37. Rc2 Rde8 38. Rc3 Ra8 39. Kg2 Ra2 40. Kg3 Rf5 41. Nh3 g5 42. e4 Re5 43. Rb1 Rd2 44. Rbb3 Bd7 45. Rb4 Bxh3 46. Kxh3 g4+ 47. Kg3 Rd7 48. Kf4 Kg7 49. Ra3 Rc7 50. Rd3 Kg6 51. Ra3 Rec5 52. Rb6 Rc1 53. e5 Rf1+ 54. Kg3 Re7 55. exf6 Rxf6 56. Rb5 Rf3+ 57. Rxf3 gxf3 58. Rg5+ Kf6 59. Kxf3 Re5 60. Rg8 1/2-1/2

[Event "4NCL/2001-02/D3/AFC -NK"]
[Site "Rd06-Birmingham"]
[Date "2002.01.20"]
[Round "6.3"]
[White "Milnes, Anthony CP"]
[Black "Davies, Christopher"]
[Result "1-0"]
[WhiteElo "2138"]
[BlackElo "2076"]
[PlyCount "45"]
[EventDate "2002.01.20"]
[EventCountry "ENG"]
[SourceTitle "BritBase"]
[Source "John Saunders"]
[SourceDate "2024.10.24"]
[SourceVersion "1"]
[SourceVersionDate "2024.10.24"]
[SourceQuality "1"]
[WhiteTeam "All Four Corners"]
[BlackTeam "Nidum Knights"]
[WhiteTeamCountry "ENG"]
[BlackTeamCountry "WLS"]

1. e4 c5 2. Nc3 Nc6 3. f4 g6 4. Nf3 Bg7 5. Bb5 e6 6. Bxc6 bxc6 7. d3 d5 8. O-O Ne7 9. Qe1 Ba6 10. Bd2 d4 11. Na4 c4 12. Nc5 Qc8 13. Bb4 Rb8 14. a3 Bb5 15. a4 Ba6 16. Ba3 c3 17. bxc3 dxc3 18. e5 Nd5 19. Ng5 Bf8 20. Nge4 Be7 21. Nd6+ Bxd6 22. exd6 Nb6 23. Qxc3 1-0

[Event "4NCL/2001-02/D3/AFC -NK"]
[Site "Rd06-Birmingham"]
[Date "2002.01.20"]
[Round "6.4"]
[White "Tabatabai, John"]
[Black "Khoo, Teresa"]
[Result "1/2-1/2"]
[WhiteElo "2062"]
[BlackElo "2136"]
[PlyCount "64"]
[EventDate "2002.01.20"]
[EventCountry "ENG"]
[SourceTitle "BritBase"]
[Source "John Saunders"]
[SourceDate "2024.10.24"]
[SourceVersion "1"]
[SourceVersionDate "2024.10.24"]
[SourceQuality "1"]
[WhiteTeam "Nidum Knights"]
[BlackTeam "All Four Corners"]
[WhiteTeamCountry "WLS"]
[BlackTeamCountry "ENG"]

1. e3 Nf6 2. b3 e6 3. Bb2 b6 4. Nf3 Bb7 5. Be2 c5 6. O-O Be7 7. d3 O-O 8. Nbd2 d5 9. c4 Nc6 10. a3 Rc8 11. Qc2 Qc7 12. Rfe1 Rfd8 13. e4 dxe4 14. dxe4 Ng4 15. g3 e5 16. Bf1 Ra8 17. Bg2 Bc8 18. Nf1 Nd4 19. Qc3 h6 20. Ne3 Nxe3 21. fxe3 Nxf3+ 22. Bxf3 Bf6 23. Qc2 Bb7 24. Re2 Rd6 25. Rf1 Qd7 26. Ref2 Rd8 27. Bc1 Bc6 28. Qe2 Qb7 29. Bh5 Bxe4 30. Qg4 Kh7 31. Bxf7 Qxf7 32. Qxe4+ Qg6 1/2-1/2

[Event "4NCL/2001-02/D3/AFC -NK"]
[Site "Rd06-Birmingham"]
[Date "2002.01.20"]
[Round "6.5"]
[White "Donnelly, Michael J"]
[Black "Gandy, Andrew R"]
[Result "1/2-1/2"]
[WhiteElo "1944"]
[BlackElo "2074"]
[PlyCount "162"]
[EventDate "2002.01.20"]
[EventCountry "ENG"]
[SourceTitle "BritBase"]
[Source "John Saunders"]
[SourceDate "2024.10.24"]
[SourceVersion "1"]
[SourceVersionDate "2024.10.24"]
[SourceQuality "1"]
[WhiteTeam "All Four Corners"]
[BlackTeam "Nidum Knights"]
[WhiteTeamCountry "ENG"]
[BlackTeamCountry "WLS"]

1. d4 Nf6 2. c4 c5 3. d5 b5 4. Nf3 bxc4 5. Nc3 d6 6. e4 Nbd7 7. Bxc4 g6 8. O-O Bg7 9. Bg5 O-O 10. Qd2 Qb6 11. Rab1 Re8 12. h3 Ba6 13. Bxa6 Qxa6 14. Rfe1 Nh5 15. Bh6 Ne5 16. Nxe5 Bxe5 17. g4 Nf6 18. f4 Bd4+ 19. Kh1 Qc4 20. Qe2 Qxe2 21. Nxe2 Bf2 22. Rf1 Nxe4 23. Kg2 Bh4 24. f5 Bg5 25. Bxg5 Nxg5 26. Nc3 h6 27. Rbe1 Rab8 28. Rf2 Nh7 29. Rfe2 Kf8 30. b3 Nf6 31. Kf3 Nd7 32. Re4 Ne5+ 33. Kg3 Rec8 34. Ra4 Rb7 35. Ree4 Kg7 36. Nd1 Kf6 37. Ne3 Rcc7 38. fxg6 fxg6 39. Rf4+ Kg7 40. Nc4 Nxc4 41. Raxc4 a5 42. Ra4 Rb5 43. h4 Ra7 44. Rae4 Rb4 45. g5 hxg5 46. hxg5 Rab7 47. Kf3 Rxe4 48. Rxe4 Kf7 49. Ra4 Rb4 50. Rxa5 Rd4 51. Rb5 Rxd5 52. a4 Rxg5 53. b4 Rf5+ 54. Ke3 Ke6 55. a5 Kd7 56. a6 Rf8 57. bxc5 dxc5 58. Rxc5 Ra8 59. Ra5 Kc7 60. Re5 Kd7 61. Ra5 Kc6 62. Re5 Rxa6 63. Rxe7 Kd6 64. Rg7 Ke5 65. Kf3 Kf5 66. Rf7+ Kg5 67. Kg3 Ra3+ 68. Kh2 Kg4 69. Rb7 Ra2+ 70. Kg1 Ra4 71. Rb2 Ra3 72. Kg2 g5 73. Rb4+ Kh5 74. Rb5 Ra4 75. Kg3 Rg4+ 76. Kh3 Rf4 77. Re5 Rf3+ 78. Kg2 Rd3 79. Ra5 Kh4 80. Ra4+ g4 81. Ra2 Rg3+ 1/2-1/2

[Event "4NCL/2001-02/D3/AFC -NK"]
[Site "Rd06-Birmingham"]
[Date "2002.01.20"]
[Round "6.6"]
[White "Powell, Annie"]
[Black "Hardman, Michael J"]
[Result "1/2-1/2"]
[WhiteElo "2015"]
[BlackElo "1960"]
[PlyCount "35"]
[EventDate "2002.01.20"]
[EventCountry "ENG"]
[SourceTitle "BritBase"]
[Source "John Saunders"]
[SourceDate "2024.10.24"]
[SourceVersion "1"]
[SourceVersionDate "2024.10.24"]
[SourceQuality "1"]
[WhiteTeam "Nidum Knights"]
[BlackTeam "All Four Corners"]
[WhiteTeamCountry "WLS"]
[BlackTeamCountry "ENG"]

1. e4 c5 2. Nf3 d6 3. d4 cxd4 4. Nxd4 Nf6 5. Nc3 a6 6. Be2 e5 7. Nb3 Be6 8. Bg5 Be7 9. Qd2 Nbd7 10. a4 Rc8 11. O-O O-O 12. Be3 Nb6 13. Rfd1 Qc7 14. a5 Nc4 15. Bxc4 Qxc4 16. Qd3 Qxd3 17. Rxd3 Rc6 18. Rad1 1/2-1/2

[Event "4NCL/2001-02/D3/AFC -NK"]
[Site "Rd06-Birmingham"]
[Date "2002.01.20"]
[Round "6.7"]
[White "Milnes, John DH"]
[Black "Rees, Ioan L"]
[Result "0-1"]
[WhiteElo "1800"]
[BlackElo "1970"]
[PlyCount "50"]
[EventDate "2002.01.20"]
[EventCountry "ENG"]
[SourceTitle "BritBase"]
[Source "John Saunders"]
[SourceDate "2024.10.24"]
[SourceVersion "1"]
[SourceVersionDate "2024.10.24"]
[SourceQuality "1"]
[WhiteTeam "All Four Corners"]
[BlackTeam "Nidum Knights"]
[WhiteTeamCountry "ENG"]
[BlackTeamCountry "WLS"]

1. e4 e5 2. Nf3 Nf6 3. d4 Nxe4 4. Bd3 d5 5. Nxe5 Nd7 6. O-O Nxe5 7. dxe5 Nc5 8. Be2 Be7 9. c4 Be6 10. Qc2 c6 11. b3 Qc7 12. Bb2 O-O-O 13. Nd2 d4 14. Bf3 Qxe5 15. b4 Bf5 16. Qd1 Nd3 17. Ba3 Bd6 18. g3 Bh3 19. c5 Bc7 20. Nc4 Qf5 21. Be2 Qd5 22. Bg4+ Bxg4 23. Qxg4+ f5 24. Qe2 Qxc4 25. Rfd1 Ne5 0-1

[Event "4NCL/2001-02/D3/AFC -NK"]
[Site "Rd06-Birmingham"]
[Date "2002.01.20"]
[Round "6.8"]
[White "Hammond, Rhiannon"]
[Black "Truscott, Ian"]
[Result "1/2-1/2"]
[WhiteElo "1696"]
[BlackElo "1680"]
[PlyCount "49"]
[EventDate "2002.01.20"]
[EventCountry "ENG"]
[SourceTitle "BritBase"]
[Source "John Saunders"]
[SourceDate "2024.10.24"]
[SourceVersion "1"]
[SourceVersionDate "2024.10.24"]
[SourceQuality "1"]
[WhiteTeam "Nidum Knights"]
[BlackTeam "All Four Corners"]
[WhiteTeamCountry "WLS"]
[BlackTeamCountry "ENG"]

1. e4 c6 2. d3 d5 3. Nd2 g6 4. g3 Bg7 5. Bg2 Nf6 6. Ngf3 Qb6 7. O-O O-O 8. Re1 e6 9. Qe2 Nbd7 10. Rb1 Qc7 11. e5 Ne8 12. d4 c5 13. c3 cxd4 14. cxd4 Nb8 15. Nf1 Nc6 16. Bf4 Qa5 17. a3 Nc7 18. Qe3 Qb6 19. b4 h5 20. Red1 Ne7 21. Qd2 Nf5 22. Ne3 Nxe3 23. Qxe3 Na6 24. Bf1 Bd7 25. Qd2 1/2-1/2

[Event "4NCL/2001-02/D3/GUI2-PP2"]
[Site "Rd06-Birmingham"]
[Date "2002.01.20"]
[Round "6.1"]
[White "Broomfield, Matthew P"]
[Black "Goodger, Martyn"]
[Result "1/2-1/2"]
[WhiteElo "2230"]
[BlackElo "2147"]
[PlyCount "83"]
[EventDate "2002.01.20"]
[EventCountry "ENG"]
[SourceTitle "BritBase"]
[Source "John Saunders"]
[SourceDate "2024.10.24"]
[SourceVersion "1"]
[SourceVersionDate "2024.10.24"]
[SourceQuality "1"]
[WhiteTeam "Guildford-ADC 2"]
[BlackTeam "Poisoned Pawns 2"]
[WhiteTeamCountry "ENG"]
[BlackTeamCountry "ENG"]

1. d4 f5 2. g3 Nf6 3. Bg2 g6 4. c4 Bg7 5. Nc3 d6 6. Nf3 O-O 7. O-O Qe8 8. d5 a5 9. Rb1 Na6 10. a3 Nc5 11. b4 axb4 12. axb4 Nfe4 13. Nxe4 Nxe4 14. Bb2 Bxb2 15. Rxb2 e5 16. dxe6 Bxe6 17. Qd3 Qf7 18. Rc1 Rad8 19. Nd4 Bc8 20. b5 Qf6 21. e3 Rfe8 22. Rbc2 Kg7 23. Qa3 Nc5 24. Nb3 Nxb3 25. Qxb3 b6 26. Qd3 Be6 27. Bc6 Rf8 {(=)} 28. Re1 Rf7 29. f4 Rdf8 30. Rce2 Kh8 31. e4 fxe4 32. Qxe4 Bf5 33. Qd5 h5 34. Qd2 Bg4 35. Re3 Rh7 36. Re8 Rhf7 37. Qe3 Rxe8 38. Bxe8 Rg7 39. Bc6 Kh7 40. Bd5 Bf5 41. Kg2 Bg4 42. Kg1 1/2-1/2

[Event "4NCL/2001-02/D3/GUI2-PP2"]
[Site "Rd06-Birmingham"]
[Date "2002.01.20"]
[Round "6.2"]
[White "Day, Tom W"]
[Black "Richardson, Keith Bevan"]
[Result "0-1"]
[WhiteElo "2115"]
[BlackElo "2208"]
[PlyCount "96"]
[EventDate "2002.01.20"]
[EventCountry "ENG"]
[SourceTitle "BritBase"]
[Source "John Saunders"]
[SourceDate "2024.10.24"]
[SourceVersion "1"]
[SourceVersionDate "2024.10.24"]
[SourceQuality "1"]
[WhiteTeam "Poisoned Pawns 2"]
[BlackTeam "Guildford-ADC 2"]
[WhiteTeamCountry "ENG"]
[BlackTeamCountry "ENG"]

1. e4 g6 2. Nf3 Bg7 3. d4 d6 4. Be3 Nf6 5. Nc3 O-O 6. Qd2 a6 7. Be2 b5 8. a3 Bb7 9. Bd3 Nc6 10. O-O Ng4 11. Rad1 Nxe3 12. Qxe3 b4 13. Ne2 a5 14. e5 e6 15. a4 Qe7 16. Bc4 d5 17. Bd3 Ba6 18. Nd2 Nb8 19. Nb3 Bxd3 20. Qxd3 Nd7 21. f4 c5 22. dxc5 Nxc5 23. Nxc5 Qxc5+ 24. Kh1 Qc6 25. b3 Rfc8 26. Rc1 Qa6 27. Rfd1 Bf8 28. Qxa6 Rxa6 29. Nd4 Bc5 30. c3 Bxd4 31. cxd4 Rac6 32. Rb1 Rc2 33. Kg1 R8c3 34. Kf1 Kg7 35. Re1 Rd3 36. g3 Rxd4 37. Re2 Rdd2 38. Rbe1 Rxe2 39. Rxe2 Rc3 40. Rb2 Kf8 41. Ke2 Ke7 42. Kd2 Kd7 43. Rc2 d4 44. Kd1 Kc6 45. Rb2 Kd5 46. Ke2 d3+ 47. Kd2 Kd4 48. Ke1 Rc1+ 0-1

[Event "4NCL/2001-02/D3/GUI2-PP2"]
[Site "Rd06-Birmingham"]
[Date "2002.01.20"]
[Round "6.3"]
[White "Thompson, Ian D"]
[Black "Quilter, Thomas"]
[Result "1/2-1/2"]
[WhiteElo "2209"]
[BlackElo "2054"]
[PlyCount "64"]
[EventDate "2002.01.20"]
[EventCountry "ENG"]
[SourceTitle "BritBase"]
[Source "John Saunders"]
[SourceDate "2024.10.24"]
[SourceVersion "1"]
[SourceVersionDate "2024.10.24"]
[SourceQuality "1"]
[WhiteTeam "Guildford-ADC 2"]
[BlackTeam "Poisoned Pawns 2"]
[WhiteTeamCountry "ENG"]
[BlackTeamCountry "ENG"]

1. c4 e5 2. g3 Nf6 3. Bg2 d5 4. cxd5 Nxd5 5. Nf3 Nc6 6. O-O Nb6 7. d3 Be6 8. Nbd2 Be7 9. b3 O-O 10. Bb2 f6 11. a3 a5 12. Qc2 Qe8 13. d4 exd4 14. Nxd4 Nxd4 15. Bxd4 Rd8 16. Nf3 Rd7 17. Bc3 Qh5 18. Nd4 Bg4 19. Qe4 a4 20. f3 Bh3 21. g4 Qc5 22. Rfc1 Bxg2 23. Kxg2 Qd5 24. Qe6+ Qxe6 25. Nxe6 Re8 26. bxa4 Nxa4 27. Ra2 Bd6 28. Nd4 Nxc3 29. Rxc3 Be5 30. e3 b6 31. Rc4 Red8 32. Re2 Bxd4 1/2-1/2

[Event "4NCL/2001-02/D3/GUI2-PP2"]
[Site "Rd06-Birmingham"]
[Date "2002.01.20"]
[Round "6.4"]
[White "Winfridsson, Ola"]
[Black "Jackson, Adrian"]
[Result "1/2-1/2"]
[WhiteElo "2032"]
[BlackElo "2236"]
[PlyCount "77"]
[EventDate "2002.01.20"]
[EventCountry "ENG"]
[SourceTitle "BritBase"]
[Source "John Saunders"]
[SourceDate "2024.10.24"]
[SourceVersion "1"]
[SourceVersionDate "2024.10.24"]
[SourceQuality "1"]
[WhiteTeam "Poisoned Pawns 2"]
[BlackTeam "Guildford-ADC 2"]
[WhiteTeamCountry "ENG"]
[BlackTeamCountry "ENG"]

1. d4 Nf6 2. c4 e6 3. Nc3 Bb4 4. Bg5 h6 5. Bh4 b6 6. Qb3 c5 7. e3 g5 8. Bg3 Ne4 9. Be5 f6 10. Bxb8 Rxb8 11. f3 Nxc3 12. bxc3 Ba5 13. d5 exd5 14. cxd5 b5 15. Kf2 f5 16. a4 b4 17. Rb1 Qf6 18. Qc4 d6 19. Bd3 Rb6 20. cxb4 Bxb4 21. Ne2 Ba6 22. Qc2 Bxd3 23. Qxd3 O-O 24. Ng3 Qc3 25. Ke2 Qxd3+ 26. Kxd3 c4+ 27. Kxc4 Rc8+ 28. Kd3 Rc3+ 29. Kd4 Rc2 30. Nxf5 Rxg2 31. Nxh6+ Kh7 32. Ng4 Bc5+ 33. Ke4 Ra6 34. Kf5 Rxa4 35. Rb7+ Kg8 36. Nh6+ Kf8 37. Rb8+ Ke7 38. Rhb1 Bb6 39. Rc1 1/2-1/2

[Event "4NCL/2001-02/D3/GUI2-PP2"]
[Site "Rd06-Birmingham"]
[Date "2002.01.20"]
[Round "6.5"]
[White "Coates, Kenneth G"]
[Black "Retallick, Lloyd"]
[Result "1-0"]
[WhiteElo "2188"]
[BlackElo "1992"]
[PlyCount "75"]
[EventDate "2002.01.20"]
[EventCountry "ENG"]
[SourceTitle "BritBase"]
[Source "John Saunders"]
[SourceDate "2024.10.24"]
[SourceVersion "1"]
[SourceVersionDate "2024.10.24"]
[SourceQuality "1"]
[WhiteTeam "Guildford-ADC 2"]
[BlackTeam "Poisoned Pawns 2"]
[WhiteTeamCountry "ENG"]
[BlackTeamCountry "ENG"]

1. e4 c6 2. c4 d5 3. exd5 cxd5 4. cxd5 Nf6 5. Bb5+ Bd7 6. Bc4 b5 7. Bb3 Na6 8. d4 Nc7 9. d6 exd6 10. Nf3 Be7 11. O-O O-O 12. Re1 Bg4 13. Qd3 Qd7 14. Nc3 Rfe8 15. Ng5 d5 16. Bf4 Bf5 17. Qd1 Ne6 18. Nxe6 Bxe6 19. Be5 a6 {(=)} 20. Qf3 Rac8 21. h3 h6 22. Rac1 Rc6 23. Bxf6 Bxf6 24. Bxd5 Bxd5 25. Nxd5 Rxe1+ 26. Rxe1 Bd8 27. Ne3 Rd6 28. d5 Bb6 29. Rd1 g6 30. Ng4 Kg7 31. Ne5 Qa7 32. Nc6 Qd7 33. Qc3+ Kh7 34. Qf3 Kg7 35. Ne5 Qe8 36. Re1 Rf6 37. Qxf6+ Kxf6 38. Ng4+ 1-0

[Event "4NCL/2001-02/D3/GUI2-PP2"]
[Site "Rd06-Birmingham"]
[Date "2002.01.20"]
[Round "6.6"]
[White "James, Stephen B"]
[Black "Sharp, Peter"]
[Result "1-0"]
[WhiteElo "1904"]
[BlackElo "2104"]
[PlyCount "91"]
[EventDate "2002.01.20"]
[EventCountry "ENG"]
[SourceTitle "BritBase"]
[Source "John Saunders"]
[SourceDate "2024.10.24"]
[SourceVersion "1"]
[SourceVersionDate "2024.10.24"]
[SourceQuality "1"]
[WhiteTeam "Poisoned Pawns 2"]
[BlackTeam "Guildford-ADC 2"]
[WhiteTeamCountry "ENG"]
[BlackTeamCountry "ENG"]

1. e4 Nf6 2. e5 Nd5 3. d4 d6 4. Nf3 dxe5 5. Nxe5 g6 6. Bc4 Be6 7. O-O Bg7 8. Re1 Nd7 9. Nf3 h6 10. Bb3 O-O 11. c3 c6 12. Bc2 Bg4 13. h3 Bxf3 14. Qxf3 e5 15. dxe5 Nxe5 16. Qd1 Re8 17. Nd2 Qb6 18. Rxe5 Bxe5 19. Nc4 Qc7 20. Nxe5 Rxe5 21. Bxh6 Rae8 22. c4 Nb4 23. Bb3 Qd8 24. Qf3 Qe7 25. Bd2 c5 26. Bc3 Re6 27. Qf4 Nc6 28. Ba4 Rd8 29. Bxc6 g5 30. Qg4 bxc6 31. Qh5 Rd4 32. Bxd4 {(=)} cxd4 33. Qf3 Re1+ 34. Rxe1 Qxe1+ 35. Kh2 Qe5+ 36. g3 c5 37. Kg2 Qb8 38. Qd5 Qxb2 39. Qxg5+ Kh7 40. Qh5+ Kg8 {(=)} 41. Qg5+ Kh7 42. Qxc5 Qc3 43. Qd5 d3 44. Qxf7+ Kh6 45. h4 d2 46. g4 1-0

[Event "4NCL/2001-02/D3/GUI2-PP2"]
[Site "Rd06-Birmingham"]
[Date "2002.01.20"]
[Round "6.7"]
[White "Punnett, Alan Kenneth"]
[Black "Quintana, Marcos I"]
[Result "0-1"]
[WhiteElo "2121"]
[BlackElo "1850"]
[PlyCount "52"]
[EventDate "2002.01.20"]
[EventCountry "ENG"]
[SourceTitle "BritBase"]
[Source "John Saunders"]
[SourceDate "2024.10.24"]
[SourceVersion "1"]
[SourceVersionDate "2024.10.24"]
[SourceQuality "1"]
[WhiteTeam "Guildford-ADC 2"]
[BlackTeam "Poisoned Pawns 2"]
[WhiteTeamCountry "ENG"]
[BlackTeamCountry "ENG"]

1. d4 Nf6 2. c4 g6 3. Nc3 d5 4. Nf3 Bg7 5. Bg5 c6 6. e3 Nbd7 7. Bd3 dxc4 8. Bxc4 Nb6 9. Bd3 Bg4 10. h3 Be6 11. Qe2 h6 12. Bh4 Nbd5 13. Nxd5 Nxd5 14. O-O g5 15. Bg3 g4 16. Ne5 gxh3 17. gxh3 Bxe5 18. Bxe5 Rg8+ 19. Kh2 f6 20. Bg3 Qd7 21. e4 Nb4 22. Bc4 O-O-O 23. Bxe6 Qxe6 24. a3 Na6 25. d5 Rxd5 26. Qc4 Rxg3 0-1

[Event "4NCL/2001-02/D3/MK-BRI2"]
[Site "Rd06-Birmingham"]
[Date "2002.01.20"]
[Round "6.1"]
[White "Macdonald-Ross, Michael"]
[Black "Collier, David O"]
[Result "1/2-1/2"]
[WhiteElo "2170"]
[BlackElo "2255"]
[PlyCount "55"]
[EventDate "2002.01.20"]
[EventCountry "ENG"]
[SourceTitle "BritBase"]
[Source "John Saunders"]
[SourceDate "2024.10.24"]
[SourceVersion "1"]
[SourceVersionDate "2024.10.24"]
[SourceQuality "1"]
[WhiteTeam "Milton Keynes"]
[BlackTeam "Bristol 2"]
[WhiteTeamCountry "ENG"]
[BlackTeamCountry "ENG"]

1. d4 Nf6 2. Nf3 e6 3. e3 b6 4. Bd3 Bb7 5. O-O Be7 6. c4 O-O 7. Nc3 d5 8. b3 c5 9. Bb2 Nc6 10. Rc1 cxd4 11. exd4 Rc8 12. Re1 Nb4 13. Bf1 Re8 14. Ne5 dxc4 15. bxc4 Nc6 16. Nf3 Na5 17. d5 exd5 18. cxd5 Bb4 19. Rxe8+ Nxe8 20. Qd4 Bxc3 21. Rxc3 Rxc3 22. Bxc3 Qxd5 23. Qh4 h6 24. h3 Nc6 25. Bc4 Qd1+ 26. Kh2 Qd6+ 27. Kg1 Qd1+ 28. Kh2 1/2-1/2